Kto je Iveta Henzélyová

Bibliographic Details
Format: Article
Language:Slovak
PhysicalDescription:Fotogr.
ISSN:1335-4051
Subjects:

MARC

LEADER 00000nab a2200000 a 4500
001 vtls008410712
003 SK-MaSNL
005 20260303172426.0
008 051122c20051110xo ur| 0 0slo
015 |a SNBRB2005/11 
038 |a RVGKPD 
040 |a RVGKPD  |b slo  |c RVGKPD  |e AACR2 
041 0 |a slo 
044 |a xo  |c SK 
080 |a 929 Henzélyová, Iveta  |2 UDC-MRF-SK2 
080 |a 32-051  |2 UDC-MRF-SK2 
245 0 0 |a Kto je Iveta Henzélyová  |c [autor] (vv) 
300 |b Fotogr. 
600 1 7 |a Henzélyová, Iveta,  |d 1963-  |2 rvgkpd  |9 15330 
651 7 |a Košice (Slovensko)  |2 rvgkpd  |9 18694 
773 0 |t Pravda  |g Roč. XV, č. 260 (10.11.2005), s. 2  |x 1335-4051 
852 |a RVGKPD  |b KIS3G 
992 |a RBX 
999 |c 2086413  |d 2088343